Die 31 größten Städte in Äquatorialguinea - Statistiken

Allgemein
  • Dieses Quiz wurde 5 mal gespielt
  • Das Durchschnittsergebnis liegt bei 6 aus 31
Antwortstatistiken
Hilfe Stadt 👥 % Korrekt
M6 Malabo 156 000
100%
B4 Bata 173 000
50%
C6 de la P3 Ciudad de la Paz k.A. (im Bau)
50%
B5 Baney 2 300
25%
C4 Cogo 4 600
25%
E8 Ebebiyín 25 000
25%
E9 Evinayong 8 000
25%
L4 Luba 9 000
25%
M8 Machinda 2 800
25%
M5 Mbini 4 000
25%
M10 Micomeseng 5 800
25%
M7 Mongomo 6 000
25%
N7 Niefang 4 800
25%
N5 Nkimi 3 300
25%
N5 Nsork 3 700
25%
R6 Rebola 5 000
25%
R5 Riaba 1 000
25%
A3 A7 de P4 San Antonio de Palé 4 400
25%
A7 Aconibe 11 000
0%
A8 Acurenam 2 700
0%
A6 Añisoc 10 000
0%
A5 Ayene 3 400
0%
B7 Bicurga 2 300
0%
B11 Bidjabidjan 4 900
0%
B6 Bitica 1 400
0%
C7 Corisco 2 500
0%
M10 Mengomeyen 5 900
0%
N4 Ncue 1 600
0%
N5 Nsang 2 000
0%
N4 Nsok 4 600
0%
R3 C5 Río Campo 1 100
0%
Keine übereinstimmenden Quizze gefunden
Verteilung der Resultate
Anzahl Personen mit jedem Resultat
Perzentil nach korrekt beantworteten Fragen
Ihre Resultats-Entwicklung
Sie haben dieses Quiz noch nicht gespielt